Every D1 NCAA College in South Carolina - Statistics

General Stats
  • This quiz has been taken 50 times
  • The average score is 7 of 12
Answer Stats
Hint Answer % Correct
Tigers Clemson
93%
Chanticleers Coastal Carolina
82%
Gamecocks USC
80%
Bulldogs South Carolina St
73%
Buccaneers Charleston Southern
64%
Bulldogs The Citadel
61%
Paladins Furman
59%
Eagles Winthrop
50%
Cougars College of Charleston
45%
Blue Horse Presbyterian College
41%
Spartans South Carolina Upstate
32%
Terriers Wofford College
27%
No matching quizzes found
Score Distribution
Percent of People with Each Score
Percentile by Number Answered
Your Score History
You have not taken this quiz